[Event "AUT-chT2S 9900"]
[Site "Austria"]
[Date "2000.03.19"]
[Round "11.3"]
[White "Konopka, Michal"]
[Black "Eingorn, Vereslav S"]
[Result "0-1"]
[WhiteElo "2484"]
[BlackElo "2589"]
[Annotator "Gabriele Ballarin"]
[PlyCount "92"]
[EventDate "1999.10.??"]
[EventType "team"]
[EventRounds "11"]
[EventCountry "AUT"]
[SourceTitle "EXT 2002"]
[Source "ChessBase"]
[SourceDate "2001.11.25"]
[SourceVersion "1"]
[SourceVersionDate "2001.11.25"]
[SourceQuality "1"]

1. d4 Nf6 2. Nf3 e6 3. c4 Bb4+ 4. Bd2 a5 5. g3 d6 6. Bg2 Nbd7 7. O-O e5 8. Be3 exd4 9. Bxd4 O-O 10. Nc3 Re8 11. Rc1 c6 12. Na4 Qe7 13. e3 Ne4 14. Qc2 Nec5 15. Nxc5 dxc5 16. Bc3 Bxc3 17. Qxc3 f5 18. Nd2 Nf6 19. Rfe1 Ne4 20. Qc2 Nxd2 21. Qxd2 Qf6 22. Red1 a4 23. Qc3 Qxc3 24. Rxc3 Be6 25. Kf1 Kf7 26. e4 Rad8 27. Rxd8 Rxd8 28. exf5 Bxf5 29. Ke1 Rd4 30. Bf1 Be6 31. Be2 Kf6 32. b3 a3 33. Rf3+ Bf5 34. Bd1 Ke5 35. Re3+ Re4 36. Kd2 Rxe3 37. Kxe3 g5 38. f4+ gxf4+ 39. gxf4+ Kf6 40. Be2 Bc2 41. Kd2 Bxb3 42. Kc3 Bxa2 43. Bd3 h6 44. Kc2 b5 45. cxb5 cxb5 46. Bxb5 Kf5 0-1

[Event "AUT-chT2S 9900"]
[Site "Austria"]
[Date "2000.03.19"]
[Round "11.3"]
[White "Mahdy, Khaled"]
[Black "Solinas, Carlo"]
[Result "1-0"]
[WhiteElo "2332"]
[BlackElo "2087"]
[Annotator "Gabriele Ballarin"]
[PlyCount "60"]
[EventDate "1999.10.??"]
[EventType "team"]
[EventRounds "11"]
[EventCountry "AUT"]
[SourceTitle "EXT 2002"]
[Source "ChessBase"]
[SourceDate "2001.11.25"]
[SourceVersion "1"]
[SourceVersionDate "2001.11.25"]
[SourceQuality "1"]

1. e4 e5 2. Nf3 Nc6 3. Bb5 f5 4. d3 fxe4 5. dxe4 Nf6 6. Nc3 d6 7. a3 Be7 8. Bc4 Bg4 9. h3 Bxf3 10. Qxf3 Qd7 11. Be3 O-O-O 12. O-O-O Rhf8 13. Qe2 g5 14. Bb5 Kb8 15. Nd5 Rde8 16. Nb4 Nd4 17. Bxd4 c6 18. Bxc6 bxc6 19. Bxe5 Qb7 20. Rxd6 Ka8 21. f3 Bxd6 22. Bxd6 Rf7 23. Qc4 a5 24. Nd3 Rg7 25. Be5 Rg6 26. Qc3 Nd7 27. Qxa5+ Qa7 28. Qxa7+ Kxa7 29. Bg3 Kb7 30. Rd1 h5 1-0

[Event "AUT-chT2S 9900"]
[Site "Austria"]
[Date "2000.03.19"]
[Round "11.4"]
[White "Brunnsteiner, Mario"]
[Black "Krachler, Guenther"]
[Result "0-1"]
[WhiteElo "2151"]
[BlackElo "2170"]
[Annotator "Gabriele Ballarin"]
[PlyCount "150"]
[EventDate "1999.10.??"]
[EventType "team"]
[EventRounds "11"]
[EventCountry "AUT"]
[SourceTitle "EXT 2002"]
[Source "ChessBase"]
[SourceDate "2001.11.25"]
[SourceVersion "1"]
[SourceVersionDate "2001.11.25"]
[SourceQuality "1"]

1. e4 e6 2. Nc3 d5 3. Qf3 d4 4. Nce2 c5 5. Ng3 Nc6 6. d3 Bd6 7. Nh5 g6 8. Ng3 h5 9. Qd1 e5 10. Be2 h4 11. Nf1 Be6 12. Nf3 f6 13. N1d2 Qd7 14. Nc4 Bc7 15. a4 Nge7 16. b3 O-O-O 17. h3 Rdg8 18. Bd2 g5 19. Nh2 Ng6 20. Ng4 Qf7 21. Bf3 Nf4 22. a5 Re8 23. Kf1 Kb8 24. Qc1 Rh7 25. Qa3 Qf8 26. Qb2 Rhe7 27. g3 hxg3 28. fxg3 Nh5 29. Kg2 Nb4 30. Raf1 Rh7 31. Be2 Qe7 32. Qc1 Bd7 33. Qd1 Reh8 34. h4 Nf4+ 35. gxf4 gxf4 36. Be1 Rg8 37. Kh3 f5 38. exf5 Bxf5 39. Bf3 Bd8 40. Kh2 Rxh4+ 41. Bxh4 Qxh4+ 42. Kg1 Qg3+ 43. Bg2 Bxg4 44. Qe1 Qxe1 45. Rxe1 e4 46. dxe4 Nxc2 47. Rc1 d3 48. Kf2 f3 49. Bf1 Bg5 50. Rd1 d2 51. Bd3 Nb4 52. Bb1 Rd8 53. Ne5 Be6 54. Nxf3 Bf4 55. Ke2 Bxb3 56. Rxd2 Bc4+ 57. Ke1 Bxd2+ 58. Nxd2 Be6 59. Rh6 Re8 60. Nf3 Nc6 61. a6 b5 62. Ng5 Nd4 63. Nxe6 Rxe6 64. Rh7 Rxa6 65. Kd2 Rc6 66. Kc3 Rc7 67. Rh6 Re7 68. Bd3 Kb7 69. Bf1 a6 70. Bg2 Re5 71. Bf1 Nc6 72. Bh3 Kc7 73. Rh7+ Re7 74. Rh6 Rxe4 75. Bg2 Rc4+ 0-1

[Event "AUT-chT2S 9900"]
[Site "Austria"]
[Date "2000.03.19"]
[Round "11.4"]
[White "Kleiser, Gregor"]
[Black "Benda, Herbert"]
[Result "1-0"]
[WhiteElo "2157"]
[BlackElo "2210"]
[Annotator "Gabriele Ballarin"]
[PlyCount "59"]
[EventDate "1999.10.??"]
[EventType "team"]
[EventRounds "11"]
[EventCountry "AUT"]
[SourceTitle "EXT 2002"]
[Source "ChessBase"]
[SourceDate "2001.11.25"]
[SourceVersion "1"]
[SourceVersionDate "2001.11.25"]
[SourceQuality "1"]

1. b4 d5 2. Bb2 Qd6 3. a3 e5 4. Nf3 f6 5. e3 Be6 6. d3 a5 7. b5 c5 8. Nbd2 Nd7 9. c4 d4 10. exd4 cxd4 11. Ne4 Qc7 12. g3 h6 13. Qe2 Ne7 14. Bg2 Bg4 15. O-O Rc8 16. a4 g5 17. h3 Bf5 18. Nfd2 Kd8 19. c5 Nxc5 20. Nxc5 Qxc5 21. Nc4 Nd5 22. Nxa5 Rh7 23. Qf3 Be6 24. Nc4 Be7 25. Rfc1 Qc7 26. a5 Bb4 27. Nb6 Nc3 28. Qxf6+ Re7 29. Qf8+ Re8 30. Qxb4 1-0

[Event "AUT-chT2S 9900"]
[Site "Austria"]
[Date "2000.03.19"]
[Round "11.4"]
[White "Ruck, Robert"]
[Black "Ivancsics, Michael"]
[Result "1-0"]
[WhiteElo "2485"]
[BlackElo "2255"]
[Annotator "Gabriele Ballarin"]
[PlyCount "103"]
[EventDate "1999.10.??"]
[EventType "team"]
[EventRounds "11"]
[EventCountry "AUT"]
[SourceTitle "EXT 2002"]
[Source "ChessBase"]
[SourceDate "2001.11.25"]
[SourceVersion "1"]
[SourceVersionDate "2001.11.25"]
[SourceQuality "1"]

1. Nf3 g6 2. c4 Bg7 3. d4 d6 4. Nc3 Bg4 5. e3 Nd7 6. Be2 Ngf6 7. O-O O-O 8. h3 Bxf3 9. Bxf3 c6 10. b3 Re8 11. Qc2 Rc8 12. Rd1 Qc7 13. Bb2 b5 14. cxb5 cxb5 15. Qd2 a6 16. Rac1 Qb8 17. Nd5 Nxd5 18. Bxd5 Rxc1 19. Rxc1 Rc8 20. Bc6 Qa7 21. Qa5 Qc7 22. Qa3 Qxc6 23. Rxc6 Rxc6 24. d5 Rc5 25. Bxg7 Kxg7 26. Qxa6 Nf6 27. Qb7 Nxd5 28. a4 bxa4 29. bxa4 Kf6 30. Qa8 Nb6 31. Qh8+ Ke6 32. Qxh7 Nxa4 33. h4 Rh5 34. Qg8 Rxh4 35. Qc8+ Kf6 36. g4 Nc5 37. Kg2 Kg7 38. Kg3 Rh8 39. Qc7 Re8 40. f4 Ne4+ 41. Kf3 Nc5 42. g5 Kf8 43. e4 Ne6 44. Qc3 Kg8 45. Kg4 Ra8 46. Qc6 Rb8 47. Qd7 Kf8 48. f5 gxf5+ 49. exf5 Rb4+ 50. Kg3 Nxg5 51. Qc8+ Kg7 52. Qc3+ 1-0

[Event "AUT-chT2S 9900"]
[Site "Austria"]
[Date "2000.03.19"]
[Round "11.5"]
[White "Aschenbrenner, Robert"]
[Black "Jacob, Volker"]
[Result "0-1"]
[WhiteElo "2160"]
[BlackElo "2218"]
[Annotator "Gabriele Ballarin"]
[PlyCount "82"]
[EventDate "1999.10.??"]
[EventType "team"]
[EventRounds "11"]
[EventCountry "AUT"]
[SourceTitle "EXT 2002"]
[Source "ChessBase"]
[SourceDate "2001.11.25"]
[SourceVersion "1"]
[SourceVersionDate "2001.11.25"]
[SourceQuality "1"]

1. e4 e5 2. Nf3 Nc6 3. Bc4 Nf6 4. d4 exd4 5. Ng5 Ne5 6. Bb3 h6 7. f4 hxg5 8. fxe5 Nxe4 9. Bd5 Nc5 10. O-O Ne6 11. Qf3 Qe7 12. Na3 f6 13. Nb5 a6 14. exf6 gxf6 15. Bxe6 dxe6 16. Nxd4 Bg7 17. Be3 Qd6 18. g3 Qd5 19. Qxd5 exd5 20. Nf5 Bxf5 21. Rxf5 Rd8 22. Rd1 c6 23. Bc5 Kf7 24. Rdf1 Rde8 25. R1f2 Kg6 26. Bd4 Rhf8 27. c3 Re6 28. h4 gxh4 29. gxh4 Rh8 30. R5f4 Rh6 31. Rg2+ Kf7 32. Rfg4 Bf8 33. b4 Re4 34. Rxe4 dxe4 35. Rf2 Ke6 36. h5 f5 37. Rh2 f4 38. Rf2 Kf5 39. Rh2 Kg4 40. Rg2+ Kxh5 41. Be5 f3 0-1

[Event "AUT-chT2S 9900"]
[Site "Austria"]
[Date "2000.03.19"]
[Round "11.5"]
[White "Bukal, Vladimir Jr"]
[Black "Siklosi, Zoltan"]
[Result "1/2-1/2"]
[WhiteElo "2390"]
[BlackElo "2337"]
[Annotator "Gabriele Ballarin"]
[PlyCount "49"]
[EventDate "1999.10.??"]
[EventType "team"]
[EventRounds "11"]
[EventCountry "AUT"]
[SourceTitle "EXT 2002"]
[Source "ChessBase"]
[SourceDate "2001.11.25"]
[SourceVersion "1"]
[SourceVersionDate "2001.11.25"]
[SourceQuality "1"]

1. d4 d5 2. c4 c6 3. Nf3 Nf6 4. Nc3 e6 5. Bg5 Nbd7 6. cxd5 exd5 7. Qc2 Bd6 8. e3 Nf8 9. Bd3 Ng6 10. O-O-O Bg4 11. h4 Be7 12. Rde1 Bxf3 13. gxf3 Nf8 14. Bf5 Ne6 15. Kb1 h6 16. Bxe6 fxe6 17. Qg6+ Kd7 18. Bf4 Qe8 19. Qc2 Nh5 20. Be5 Qf7 21. Qb3 b6 22. f4 Rhc8 23. Rc1 Ke8 24. Ka1 Kf8 25. Ne2 1/2-1/2

[Event "AUT-chT2S 9900"]
[Site "Austria"]
[Date "2000.03.19"]
[Round "11.5"]
[White "Egartner, Wolfgang"]
[Black "Spirk, Stefan"]
[Result "1-0"]
[WhiteElo "2141"]
[BlackElo "2251"]
[Annotator "Gabriele Ballarin"]
[PlyCount "71"]
[EventDate "1999.10.??"]
[EventType "team"]
[EventRounds "11"]
[EventCountry "AUT"]
[SourceTitle "EXT 2002"]
[Source "ChessBase"]
[SourceDate "2001.11.25"]
[SourceVersion "1"]
[SourceVersionDate "2001.11.25"]
[SourceQuality "1"]

1. d4 Nf6 2. Nf3 c5 3. g3 cxd4 4. Nxd4 Nc6 5. Nxc6 bxc6 6. Bg2 Bb7 7. O-O g6 8. c4 Bg7 9. Qc2 d6 10. Nc3 Qc8 11. b3 O-O 12. Bb2 Nd7 13. e4 Qc7 14. Rad1 Rac8 15. Ne2 Bxb2 16. Qxb2 a5 17. Qd2 Nc5 18. h4 Rcd8 19. h5 e5 20. Nc3 f6 21. hxg6 hxg6 22. Bh3 Bc8 23. Bxc8 Qxc8 24. Kg2 Kg7 25. Rh1 Rh8 26. f3 Rxh1 27. Rxh1 g5 28. Nd1 Nb7 29. Ne3 Kf7 30. Nf5 d5 31. Rh7+ Kg8 32. Ne7+ Kxh7 33. Nxc8 Rxc8 34. cxd5 cxd5 35. Qxd5 Rc7 36. a3 1-0

[Event "AUT-chT2S 9900"]
[Site "Austria"]
[Date "2000.03.19"]
[Round "11.5"]
[White "Rudolph, Johannes"]
[Black "Mitter, Gerd"]
[Result "1-0"]
[WhiteElo "2237"]
[BlackElo "2261"]
[Annotator "Gabriele Ballarin"]
[PlyCount "179"]
[EventDate "1999.10.??"]
[EventType "team"]
[EventRounds "11"]
[EventCountry "AUT"]
[SourceTitle "EXT 2002"]
[Source "ChessBase"]
[SourceDate "2001.11.25"]
[SourceVersion "1"]
[SourceVersionDate "2001.11.25"]
[SourceQuality "1"]

1. d4 Nf6 2. c4 g6 3. Nc3 d5 4. cxd5 Nxd5 5. e4 Nxc3 6. bxc3 Bg7 7. Nf3 O-O 8. Be2 c5 9. Rb1 cxd4 10. cxd4 b6 11. Qd2 Bg4 12. O-O Nc6 13. d5 Bxf3 14. Bxf3 Nd4 15. Bd1 Qd6 16. Bb2 e5 17. f4 Rac8 18. Bxd4 exd4 19. Bb3 Rc3 20. e5 Qc5 21. Rfd1 d3+ 22. Qf2 Rc8 23. d6 Kf8 24. Rd2 g5 25. g3 gxf4 26. gxf4 Bh6 27. Rf1 Rd8 28. Kg2 Qxf2+ 29. Rfxf2 b5 30. Kg3 a5 31. Rf3 a4 32. Bd5 b4 33. Rdxd3 Rxd3 34. Rxd3 Rb8 35. Kf3 b3 36. axb3 a3 37. b4 Rxb4 38. Rxa3 Rxf4+ 39. Kg3 Rd4 40. Ra8+ Kg7 41. d7 Bf4+ 42. Kf3 Rxd5 43. d8=Q Rxd8 44. Rxd8 Bxe5 45. h3 Bb2 46. Kg4 Bc1 47. Kf5 h6 48. Rd1 Be3 49. Rd3 Bc1 50. Rg3+ Kf8 51. Rg2 Ke7 52. h4 Kf8 53. Ke5 Ba3 54. Ra2 Be7 55. h5 Kg7 56. Rf2 Kf8 57. Rf3 Ke8 58. Kd5 Bg5 59. Kd6 Be7+ 60. Ke5 Bg5 61. Ra3 Ke7 62. Ra7+ Ke8 63. Rb7 Bh4 64. Rb4 Bg5 65. Re4 Ke7 66. Re2 Bh4 67. Kf5+ Kf8 68. Re5 Kg7 69. Re8 Bg5 70. Ra8 Bd2 71. Rc8 Be3 72. Ke5 Bg5 73. Rc6 Be7 74. Kd5 Bb4 75. Kc4 Bd2 76. Kb5 Bg5 77. Kc5 Be7+ 78. Kb6 Bd8+ 79. Kb7 Bg5 80. Kc7 f5 81. Kd6 Kf7 82. Ke5 f4 83. Rc7+ Ke8 84. Ke6 Kd8 85. Rg7 Bh4 86. Rg4 Bg3 87. Rg6 Bh4 88. Rxh6 f3 89. Rh8+ Kc7 90. Rf8 1-0

[Event "AUT-chT2S 9900"]
[Site "Austria"]
[Date "2000.03.19"]
[Round "11.6"]
[White "Eichhorn, Alfred"]
[Black "Waldmann, Gerald"]
[Result "1/2-1/2"]
[WhiteElo "2178"]
[BlackElo "2155"]
[Annotator "Gabriele Ballarin"]
[PlyCount "43"]
[EventDate "1999.10.??"]
[EventType "team"]
[EventRounds "11"]
[EventCountry "AUT"]
[SourceTitle "EXT 2002"]
[Source "ChessBase"]
[SourceDate "2001.11.25"]
[SourceVersion "1"]
[SourceVersionDate "2001.11.25"]
[SourceQuality "1"]

1. e4 e6 2. d4 d5 3. e5 c5 4. c3 Nc6 5. Nf3 Nh6 6. Bxh6 gxh6 7. Be2 Bg7 8. O-O O-O 9. Nbd2 cxd4 10. cxd4 f6 11. exf6 Qxf6 12. Nb3 Bd7 13. Qd2 Be8 14. Rae1 Bh5 15. Ne5 Nxe5 16. Bxh5 Nc4 17. Qe2 e5 18. dxe5 Qxe5 19. Qg4 Qf6 20. Re6 Qf5 21. Re7 Qxg4 22. Bxg4 1/2-1/2

[Event "AUT-chT2S 9900"]
[Site "Austria"]
[Date "2000.03.19"]
[Round "11.6"]
[White "Nickl, Klaus"]
[Black "Kuess, Mario"]
[Result "1-0"]
[WhiteElo "2200"]
[BlackElo "2150"]
[Annotator "Gabriele Ballarin"]
[PlyCount "101"]
[EventDate "1999.10.??"]
[EventType "team"]
[EventRounds "11"]
[EventCountry "AUT"]
[SourceTitle "EXT 2002"]
[Source "ChessBase"]
[SourceDate "2001.11.25"]
[SourceVersion "1"]
[SourceVersionDate "2001.11.25"]
[SourceQuality "1"]

1. Nf3 Nf6 2. g3 d5 3. Bg2 c6 4. O-O Bf5 5. b3 Qc8 6. Re1 Bh3 7. d3 Bxg2 8. Kxg2 Nbd7 9. e4 e6 10. c4 Bb4 11. Bd2 Bxd2 12. Qxd2 dxe4 13. dxe4 Qc7 14. e5 Ng8 15. Qg5 g6 16. Nc3 h6 17. Qh4 Ne7 18. Ne4 Nf5 19. Nf6+ Nxf6 20. Qxf6 O-O 21. g4 Ne7 22. h4 Kh7 23. Ng5+ Kg8 24. h5 c5 25. hxg6 Nxg6 26. Ne4 Rad8 27. Rh1 Qxe5 28. Qxe5 Nxe5 29. Rxh6 Nxg4 30. Rh5 f5 31. Rah1 b6 32. Ng5 Rfe8 33. f3 Nf6 34. Rh8+ Kg7 35. Nxe6+ Rxe6 36. Rxd8 Re2+ 37. Kg3 Rxa2 38. Ra8 Kg6 39. Kf4 Nh5+ 40. Ke5 Re2+ 41. Kd6 Rd2+ 42. Kc6 Nf6 43. Rg1+ Kf7 44. Rxa7+ Ke8 45. Rgg7 Rd3 46. Ra8+ Rd8 47. Rxd8+ Kxd8 48. Rf7 Nh5 49. Rxf5 Ng7 50. Re5 Kc8 51. Kxb6 1-0

[Event "AUT-chT2S 9900"]
[Site "Austria"]
[Date "2000.03.19"]
[Round "11.6"]
[White "Sereinig, Eduard"]
[Black "Hanser, Michael"]
[Result "1/2-1/2"]
[WhiteElo "2237"]
[BlackElo "2180"]
[Annotator "Gabriele Ballarin"]
[PlyCount "126"]
[EventDate "1999.10.??"]
[EventType "team"]
[EventRounds "11"]
[EventCountry "AUT"]
[SourceTitle "EXT 2002"]
[Source "ChessBase"]
[SourceDate "2001.11.25"]
[SourceVersion "1"]
[SourceVersionDate "2001.11.25"]
[SourceQuality "1"]

1. Nf3 g6 2. g3 Bg7 3. Bg2 d6 4. O-O f5 5. Nc3 e5 6. e4 Nf6 7. d4 Nxe4 8. dxe5 Nxc3 9. bxc3 O-O 10. Qd5+ Kh8 11. Bg5 Qd7 12. exd6 cxd6 13. Rad1 Nc6 14. Qxd6 Qxd6 15. Rxd6 Re8 16. Re1 Rxe1+ 17. Nxe1 Be5 18. Bf6+ Bxf6 19. Rxf6 Bd7 20. Rf7 Rd8 21. Nd3 Na5 22. Bd5 Bc8 23. c4 b5 24. c5 Nc4 25. c6 Nb6 26. Bf3 a5 27. Nc5 Re8 28. Nb7 Be6 29. Nd6 Bxf7 30. Nxf7+ Kg7 31. Nd6 Re5 32. c7 Rc5 33. Bb7 b4 34. c8=Q Nxc8 35. Bxc8 Rxc2 36. Be6 a4 37. Nb5 Kf6 38. Bg8 Rc8 39. Bd5 Rc5 40. Nc7 Rc1+ 41. Kg2 b3 42. axb3 axb3 43. Bxb3 Rxc7 44. Bd5 g5 45. h3 Ke5 46. Bf3 Rc3 47. Be2 f4 48. Bg4 h6 49. Bh5 Ke4 50. Bg6+ Kd4 51. Bh5 Ra3 52. Bf3 Ke5 53. Bh5 Ra2 54. Kf3 Kf5 55. Bg4+ Ke5 56. Bd7 h5 57. gxf4+ gxf4 58. Be8 Ra3+ 59. Kg2 h4 60. Bh5 Kd4 61. Bg4 Ke4 62. Be6 f3+ 63. Kh2 Ra1 1/2-1/2

[Event "2.Open B Città di Padova Elo <1900"]
[Site "Padova Caffè Pedrocchi"]
[Date "1999.12.11"]
[Round "1.1"]
[White "Pastore, Mauro"]
[Black "Carini, Massimo"]
[Result "0-1"]
[WhiteElo "1612"]
[BlackElo "1890"]
[Annotator "Gabriele Ballarin"]
[PlyCount "70"]
[EventDate "1999.12.11"]
[EventType "swiss"]
[EventRounds "6"]
[EventCountry "ITA"]
[SourceTitle "Ballarin Gabriele"]
[Source "Ballarin Gabrie"]
[SourceDate "2001.01.01"]
[SourceVersion "1"]
[SourceVersionDate "2001.01.01"]
[SourceQuality "1"]

1. d4 d5 2. c4 c6 3. cxd5 cxd5 4. Nc3 Nf6 5. Bf4 Nc6 6. e3 a6 7. Nf3 Bg4 8. Be2 e6 9. Ne5 Bxe2 10. Qxe2 Nxe5 11. Bxe5 Be7 12. O-O O-O 13. Rac1 Nd7 14. Bg3 f5 15. Rc2 Rc8 16. Rfc1 Nb6 17. Nb1 Rxc2 18. Rxc2 Qd7 19. h3 Rc8 20. Rxc8+ Qxc8 21. Nc3 Bb4 22. Qh5 Bxc3 23. bxc3 Na4 24. Be5 Nxc3 25. Qg5 Qd7 26. a3 b5 27. h4 a5 28. h5 h6 29. Qg6 b4 30. axb4 axb4 31. Bxg7 Qxg7 32. Qxe6+ Qf7 33. Qxh6 f4 34. Qg5+ Kh7 35. Kf1 b3 0-1

[Event "2.Open B Città di Padova Elo <1900"]
[Site "Padova Caffè Pedrocchi"]
[Date "1999.12.11"]
[Round "1.2"]
[White "Boscolo, Fabio"]
[Black "Pomaro, Stefano"]
[Result "1-0"]
[WhiteElo "1873"]
[BlackElo "1611"]
[Annotator "Gabriele Ballarin"]
[PlyCount "81"]
[EventDate "1999.12.11"]
[EventType "swiss"]
[EventRounds "6"]
[EventCountry "ITA"]
[SourceTitle "Ballarin Gabriele"]
[Source "Ballarin Gabrie"]
[SourceDate "2001.01.01"]
[SourceVersion "1"]
[SourceVersionDate "2001.01.01"]
[SourceQuality "1"]

{[%evp 0,74,24,-30,-30,-30,-30,-64,-49,-63,-32,-39,-1,-16,-2,-42,-21,-29,6,26,6,12,14,9,6,-25,-17,-2,0,5,59,16,109,113,113,115,124,129,130,131,131,132,130,138,137,142,185,193,191,197,186,186,189,192,206,191,201,192,194,186,208,187,218,209,230,243,232,255,255,272,298,341,341,571,571,924,1106]} 1. g3 e5 2. Bg2 Nf6 3. b3 Bc5 4. Bb2 d6 5. Nf3 O-O 6. O-O Nc6 7. c4 Bf5 8. Nc3 h6 9. Na4 Bb6 10. Nxb6 axb6 11. d3 Qd7 12. Nh4 Bh3 13. e4 Bxg2 14. Kxg2 Nd4 15. f4 Qg4 16. Bxd4 exd4 17. Nf5 c5 18. Qxg4 Nxg4 19. h3 Ne3+ 20. Nxe3 dxe3 21. a4 f5 22. Rae1 fxe4 23. dxe4 b5 24. axb5 Ra2+ 25. Kf3 Rfa8 26. Rxe3 Rd2 27. Rf2 Raa2 28. Rxd2 Rxd2 29. Kg4 Kf7 30. Kf5 g6+ 31. Kg4 Kf6 32. e5+ dxe5 33. Rxe5 b6 34. Rd5 Re2 35. Rd6+ Re6 36. Rxe6+ Kxe6 37. h4 Kf6 38. h5 gxh5+ 39. Kxh5 Kf5 40. Kxh6 Kg4 41. Kg6 1-0

[Event "2.Open B Città di Padova Elo <1900"]
[Site "Padova Caffè Pedrocchi"]
[Date "1999.12.11"]
[Round "1.3"]
[White "Gubellini, Luciano"]
[Black "Rigo, Gianfrancesco"]
[Result "1-0"]
[WhiteElo "1600"]
[BlackElo "1873"]
[Annotator "Gabriele Ballarin"]
[PlyCount "89"]
[EventDate "1999.12.11"]
[EventType "swiss"]
[EventRounds "6"]
[EventCountry "ITA"]
[SourceTitle "Ballarin Gabriele"]
[Source "Ballarin Gabrie"]
[SourceDate "2001.01.01"]
[SourceVersion "1"]
[SourceVersionDate "2001.01.01"]
[SourceQuality "1"]

1. d4 Nf6 2. Nf3 g6 3. Bg5 Bg7 4. Nbd2 d6 5. e3 c5 6. c3 Nbd7 7. Bd3 O-O 8. O-O b6 9. Re1 Bb7 10. Qe2 h6 11. Bxf6 Nxf6 12. e4 Qc7 13. Rac1 a6 14. b4 Nd7 15. bxc5 bxc5 16. e5 dxe5 17. dxe5 Bd5 18. Bc4 e6 19. Bxd5 exd5 20. e6 Rfe8 21. exf7+ Kxf7 22. Qd3 c4 23. Qxd5+ Kf8 24. Ne4 Ne5 25. Nxe5 Bxe5 26. g3 Rad8 27. Qc5+ Qxc5 28. Nxc5 Rd2 29. f4 Bf6 30. Rxe8+ Kxe8 31. Ne4 Rxa2 32. Nxf6+ Kf7 33. Ng4 Ke6 34. Ne5 Kf5 35. h3 g5 36. Nxc4 gxf4 37. Nd6+ Kg5 38. gxf4+ Kxf4 39. c4 Ke5 40. c5 Ra3 41. c6 Kxd6 42. c7 Rg3+ 43. Kh2 Rg8 44. c8=Q Rxc8 45. Rxc8 1-0

[Event "2.Open B Città di Padova Elo <1900"]
[Site "Padova Caffè Pedrocchi"]
[Date "1999.12.11"]
[Round "1.4"]
[White "Negra, Massimiliano"]
[Black "Tessari, Gianni"]
[Result "1-0"]
[WhiteElo "1857"]
[BlackElo "1600"]
[Annotator "Gabriele Ballarin"]
[PlyCount "67"]
[EventDate "1999.12.11"]
[EventType "swiss"]
[EventRounds "6"]
[EventCountry "ITA"]
[SourceTitle "Ballarin Gabriele"]
[Source "Ballarin Gabrie"]
[SourceDate "2001.01.01"]
[SourceVersion "1"]
[SourceVersionDate "2001.01.01"]
[SourceQuality "1"]

1. d4 d5 2. c4 dxc4 3. Nc3 e5 4. d5 c6 5. e4 Bc5 6. Bxc4 Qf6 7. Nf3 Bg4 8. Be2 Qd6 9. O-O Nf6 10. Bg5 Nbd7 11. a3 Bxf3 12. Bxf3 cxd5 13. exd5 Bd4 14. Nb5 Qb6 15. Nxd4 exd4 16. Re1+ Kf8 17. Qc2 Qc5 18. Qb3 b6 19. Bd2 a5 20. Bf4 b5 21. Rac1 Qb6 22. Rc6 Qa7 23. Qxb5 g6 24. Rc7 Qb8 25. Bh6+ Kg8 26. Qc6 Qd8 27. d6 Rb8 28. b4 d3 29. Qc3 axb4 30. axb4 d2 31. Qxd2 Rc8 32. Qc3 Rxc7 33. dxc7 Qc8 34. Bb7 1-0

[Event "2.Open B Città di Padova Elo <1900"]
[Site "Padova Caffè Pedrocchi"]
[Date "1999.12.11"]
[Round "1.5"]
[White "Cecchetto, Vanni"]
[Black "Avenali, Giuseppe"]
[Result "0-1"]
[WhiteElo "1594"]
[BlackElo "1855"]
[Annotator "Gabriele Ballarin"]
[PlyCount "84"]
[EventDate "1999.12.11"]
[EventType "swiss"]
[EventRounds "6"]
[EventCountry "ITA"]
[SourceTitle "Ballarin Gabriele"]
[Source "Ballarin Gabrie"]
[SourceDate "2001.01.01"]
[SourceVersion "1"]
[SourceVersionDate "2001.01.01"]
[SourceQuality "1"]

1. c4 Nf6 2. Nc3 g6 3. d3 Bg7 4. Nf3 c5 5. g3 Nc6 6. Bg2 O-O 7. O-O d5 8. cxd5 Nxd5 9. Ne4 b6 10. Rb1 e5 11. Nfd2 Be6 12. Nc4 h6 13. a4 f5 14. Ned6 a6 15. e4 Ndb4 16. exf5 gxf5 17. f4 Rb8 18. fxe5 Nxe5 19. Qh5 Nxc4 20. Nxc4 Nxd3 21. b3 Nxc1 22. Rbxc1 b5 23. Rcd1 Bd4+ 24. Kh1 Qg5 25. Qe2 Rbe8 26. Nd6 Bc4 27. Qc2 Re2 28. Qc1 Bxb3 29. axb5 Bxd1 30. Qxd1 Qd2 31. Qxd2 Rxd2 32. bxa6 c4 33. Bd5+ Kh7 34. Bxc4 f4 35. gxf4 Bf2 36. f5 Bb6 37. Nb7 Rc8 38. Rc1 Kg7 39. f6+ Kxf6 40. Rf1+ Kg5 41. Be6 Rcc2 42. h4+ Kxh4 0-1

[Event "2.Open B Città di Padova Elo <1900"]
[Site "Padova Caffè Pedrocchi"]
[Date "1999.12.11"]
[Round "1.6"]
[White "Radulescu, Gheorghe"]
[Black "Troise, Salvatore"]
[Result "1/2-1/2"]
[WhiteElo "1845"]
[BlackElo "1591"]
[Annotator "Gabriele Ballarin"]
[PlyCount "57"]
[EventDate "1999.12.11"]
[EventType "swiss"]
[EventRounds "6"]
[EventCountry "ITA"]
[SourceTitle "Ballarin Gabriele"]
[Source "Ballarin Gabrie"]
[SourceDate "2001.01.01"]
[SourceVersion "1"]
[SourceVersionDate "2001.01.01"]
[SourceQuality "1"]

1. e4 c5 2. Nf3 Nc6 3. d4 cxd4 4. Nxd4 e5 5. Nb5 d6 6. N1c3 a6 7. Na3 b5 8. Nd5 Nf6 9. Bg5 Be7 10. Nxe7 Qxe7 11. c4 b4 12. Nc2 O-O 13. Qf3 Be6 14. Bd3 h6 15. Bd2 a5 16. O-O Nh7 17. Qg3 f5 18. exf5 Bxf5 19. Bxf5 Rxf5 20. Bxh6 Qf6 21. Be3 Rf8 22. Rad1 Ng5 23. Bxg5 Rxg5 24. Qd3 Ne7 25. Qxd6 Rxg2+ 26. Kxg2 Qf3+ 27. Kg1 Qg4+ 28. Kh1 Qf3+ 29. Kg1 1/2-1/2

[Event "2.Open B Città di Padova Elo <1900"]
[Site "Padova Caffè Pedrocchi"]
[Date "1999.12.11"]
[Round "1.7"]
[White "Consolo, Arturo"]
[Black "Battagin_214, Mosè"]
[Result "1/2-1/2"]
[WhiteElo "1588"]
[BlackElo "1840"]
[Annotator "Gabriele Ballarin"]
[PlyCount "74"]
[EventDate "1999.12.11"]
[EventType "swiss"]
[EventRounds "6"]
[EventCountry "ITA"]
[SourceTitle "Ballarin Gabriele"]
[Source "Ballarin Gabrie"]
[SourceDate "2001.01.01"]
[SourceVersion "1"]
[SourceVersionDate "2001.01.01"]
[SourceQuality "1"]

1. e4 d6 2. d4 Nf6 3. Nc3 g6 4. Bg5 c6 5. a4 Qa5 6. Qd2 Nbd7 7. Nf3 Bg7 8. Rb1 a6 9. Bc4 b5 10. b4 Qc7 11. Ba2 bxa4 12. O-O O-O 13. Rfe1 Nb6 14. e5 Nfd5 15. Ne2 Bg4 16. c4 Bxf3 17. gxf3 dxe5 18. cxd5 cxd5 19. dxe5 Bxe5 20. Bf4 e6 21. Bxe5 Qxe5 22. Ng3 Qf6 23. f4 h5 24. Qe3 Rab8 25. Ne2 Rfc8 26. Rbc1 Qd8 27. Qg3 Qf6 28. Rc5 Nd7 29. Rxc8+ Rxc8 30. Qd3 Qb2 31. Qxa6 Rc2 32. Bb1 Rd2 33. Qc8+ Kg7 34. Qc3+ Nf6 35. Qxb2 Rxb2 36. Nc3 Rxb4 37. Rc1 Rxf4 1/2-1/2